| 000 | 00731nam a22002417a 4500 | ||
|---|---|---|---|
| 999 |
_c5541 _d5541 |
||
| 003 | AR-CdUCM | ||
| 008 | 190312b ||||| |||| 00| 0 spa d | ||
| 040 |
_aMUNICIPALIDAD PROVINCIAL DEL CUSCO _cBIBLIOTECA MUNICIPAL DEL CUSCO |
||
| 082 |
_a869.56 / _bG22 |
||
| 100 |
_aGarcia de Castro, María Luisa _916604 |
||
| 245 | _aEl Cielo Niño / | ||
| 260 |
_aCusco : _bMercantil, _c1996. |
||
| 300 |
_a110 paginas ; _c21cm. |
||
| 500 | _aInstituto Nacional de Cultura Desarrollo Cultural | ||
| 650 |
_aPoesias _92556 |
||
| 650 |
_aLiteratura _983 |
||
| 650 |
_aPerú _935 |
||
| 650 |
_apoemas _916605 |
||
| 700 |
_aAltamirano Vargas, Jose _916606 |
||
| 700 |
_aArdiles Nieves, Percy _916607 |
||
| 942 |
_2ddc _cLIBROS |
||
| 945 | _apjha | ||